000
00320nam a22001457a 4500
003
SGT
082
_a
617.52
_b
C99C
100
_a
CCRH
245
_a
REPERTORY CHAPTER FACE: ADDITIONS FROM PROERICKE'S
260
_a
DELHI
_b
CCRH
_c
1999
300
_a
53
650
_a
HOMOEOPATHIC
653
_a
REPERTORY
942
_2
ddc
_c
BK
999
_c
18155
_d
18155